000 00965nam a2200241Ia 4500
003 IN-BaIIA
008 211028s9999 xx 000 0 eng d
020 _a1-4020-2961-6
040 _cIIA Library
080 _a52(082.1)
_bASS-320
111 _aSummer School and Workshop on Solar Magnetic Phenomena
_n3rd
_cAustria
_d2003 Aug. 25 -Sep 5
_929816
245 0 _aSolar magnetic phenomena
_bproceedings of the 3rd Summer school and workshop held in Kanzelhohe, Karnten, Austria, 25 Aug - 5 Sep 2003
_cedited by A. Hanslmeier, A. Veronig and M. Messerotti
260 _aDordrecht
_bSpringer
_c2003
300 _aix, 283p.
490 _aAstrophysics and space science library; v. 320
650 _aSolar magnetic fields - congress
_929817
650 _aSolar radiation
_95007
700 _aHanslmeier, A., ed.
700 _aMesserotti, M., ed.
_925745
700 _aVeronig, A., ed.
_925746
710 _aSonnenobservatorium Kanzelhoohe
_929818
942 _cBK
999 _c16113
_d16113